LEADER 03466nam 22006852 450 001 9910450312503321 005 20151014130819.0 010 $a1-107-12398-4 010 $a1-280-41913-X 010 $a0-511-79095-3 010 $a0-511-17477-2 010 $a0-511-04175-6 010 $a0-511-15481-X 010 $a0-511-32525-8 010 $a0-511-04415-1 035 $a(CKB)1000000000001363 035 $a(EBL)202081 035 $a(OCoLC)252496990 035 $a(SSID)ssj0000121338 035 $a(PQKBManifestationID)11143929 035 $a(PQKBTitleCode)TC0000121338 035 $a(PQKBWorkID)10092532 035 $a(PQKB)11004857 035 $a(UkCbUP)CR9780511790959 035 $a(MiAaPQ)EBC202081 035 $a(Au-PeEL)EBL202081 035 $a(CaPaEBR)ebr10005724 035 $a(CaONFJC)MIL41913 035 $a(OCoLC)56324651 035 $a(EXLCZ)991000000000001363 100 $a20100611d2001|||| uy| 0 101 0 $aeng 135 $aur||||||||||| 181 $ctxt$2rdacontent 182 $cc$2rdamedia 183 $acr$2rdacarrier 200 10$aChina since Tiananmen $ethe politics of transition /$fJoseph Fewsmith$b[electronic resource] 210 1$aCambridge :$cCambridge University Press,$d2001. 215 $a1 online resource (xvii, 313 pages) $cdigital, PDF file(s) 225 1 $aCambridge modern China series 300 $aTitle from publisher's bibliographic system (viewed on 08 Oct 2015). 311 $a0-521-00105-6 311 $a0-521-80634-8 320 $aIncludes bibliographical references (p. 271-304) and index. 327 $aCover; Half-title; Series-title; Title; Copyright; Dedication; Contents; Acknowledgments; Chronology; Abbreviations and Tables; INTRODUCTION State and Intellectuals at the Turn of the Century; Part I LINE STRUGGLE REVISITED: THE ATTACK ON DENG S REFORM PROGRAM; Part II REDEFINING REFORM: THE SEARCH FOR A NEW WAY; Part III ELITE POLITICS AND POPULAR NATIONALISM; Conclusion; Epilogue; Notes; Bibliography; Index 330 $aChina Since Tiananmen is the first book to look comprehensively at the intellectual and political trends in the decade since the Tiananmen Incident (1989) to assess the ways in which China has changed. Fewsmith looks on the one hand at the intellectual critique of the enlightenment tradition, which had previously held a sacrosanct position in the thinking of liberal intellectuals since the May Fourth Movement of 1919, to explain the rise of neo-conservatism and nationalism over the past decade. On the other hand, he examines the maneuverings of elite political actors to understand the constraints they operate under and how the conduct of elite politics has changed since Tiananmen. Together, these two approaches give a more comprehensive and realistic assessment of the forces that drive China today. These trends are of great importance for anyone trying to understand Sino-US relations. 410 0$aCambridge modern China series. 606 $aPolitical leadership$zChina 607 $aChina$xPolitics and government$y1976-2002 607 $aChina$xEconomic policy$y1976-2000 607 $aChina$xHistory$yTiananmen Square Incident, 1989 615 0$aPolitical leadership 676 $a951.05/9 700 $aFewsmith$b Joseph$f1949-$0269071 801 0$bUkCbUP 801 1$bUkCbUP 906 $aBOOK 912 $a9910450312503321 996 $aChina since Tiananmen$9679033 997 $aUNINA LEADER 01161nam a2200301|i 4500 001 991003952649707536 005 20030107144318.0 008 021007s1981 be u u geruu 020 $a2503400817 035 $ab11887722-39ule_inst 035 $aEXGIL150161$9ExL 040 $aBiblioteca Interfacoltà$bita 082 0 $a230 100 1 $aAnastasius : Sinaita$0438355 245 10$aAnastasii Sinaitae Viae dux /$ccuius editionem curavit Karl-Heinz Uthemann 260 0 $aTurnhout :$bBrepols ; Leuven : University Press,$c1981 300 $accxlvii, 455 p., [5] c. di tav. :$bill ;$c26 cm. 490 0 $aAnastasii Sinaitae Opera 490 0 $aCorpus Christianorum. Series Graeca ;$v8 650 4$aPatristica 700 1 $aUthemann, Karl-Heinz$eauthor$4http://id.loc.gov/vocabulary/relators/aut$0164266 740 00$aViae dux 907 $a.b11887722$b28-04-17$c07-01-03 912 $a991003952649707536 945 $aLE002 Patr. CCSG 008$g1$i2002000089311$lle002$o-$pE0.00$q-$rn$so $t0$u0$v0$w0$x0$y.i12144514$z07-01-03 996 $aAnastasii Sinaitae Viae dux$91454773 997 $aUNISALENTO 998 $ale002$b01-01-02$cm$da $e-$fger$gbe $h0$i1 LEADER 01207nam a2200313 i 4500 001 991000596569707536 005 20020503191552.0 008 000420s1998 it ||| | fre 020 $a8879161024$c35000 035 $ab1010107x-39ule_inst 035 $aLE02518889$9ExL 040 $aFac. Economia$bita 082 0 $a448.0024651 245 00$aLectures interactives /$ca cura di Leandro Schena ; schede di Cécile Desoutter, Claudia Zoratti 260 $aMilano :$bLED,$cc1998 300 $a247 p. ;$c25 cm 490 0 $aLingue di oggi [Led] 490 0 $aFrancais des affaires. ;$v1 650 4$aLingua francese $vManuali di corrispondenza commerciale 700 1 $aSchena, Leandro 700 1 $aDesoutter, Cécile 700 1 $aZoratti, Claudia 907 $a.b1010107x$b17-02-17$c27-06-02 912 $a991000596569707536 945 $aLE025 ECO 448 SCH01.01 $g1$i2025000123502$lle025$o-$pE0.00$q-$rl$s- $t0$u1$v2$w1$x0$y.i14556273$z19-09-07 945 $aLE025 ECO 448 SCH01.01 $cV. 1$g2$i2025000070356$lle025$o-$pE0.00$q-$rl$s- $t0$u1$v0$w1$x0$y.i10117611$z27-06-02 996 $aLectures interactives$9197297 997 $aUNISALENTO 998 $ale025$b01-01-00$cm$da $e-$ffre$git $h0$i1 LEADER 02150nam a2200529 i 4500 001 991001931039707536 005 20020508183851.0 008 940323s1993 it ||| | ita 020 $a8870482472 035 $ab10934170-39ule_inst 035 $aPARLA151407$9ExL 040 $aDip.to Filosofia$bita 100 1 $aFiorentino, Fernando$0467095 245 10$aAmbienti, filosofi e problemi /$cFernando Fiorentino 260 $aLecce :$bMilella,$cc1993 300 $a2 v. ( 479 p.) ;$c24 cm. 490 0 $aPubblicazioni del Dipartimento di Filosofia - sez. Saggi ;$v3 600 14$aBaumgarten, Alexander Gottlieb 600 14$aCollins, Anthony 600 14$aCondillac, Etienne :$cBonnet de 650 4$aDeismo 650 4$aDescartes, Rene 650 4$aFilosofia 650 4$aHobbes, Thomas 650 4$aHume, David 650 4$aIlluminismo 650 4$aLeibniz, Gottfried Wilhelm 650 4$aLessing, Gotthold Ephraim 650 4$aLocke, John 650 4$aMalebranche, Nicolas 650 4$aMontesquieu 650 4$aPascal, Blaise 650 4$aRousseau, Jean Jacques 650 4$aTindal, Matthew 650 4$aToland, John 650 4$aVico, Giambattista 907 $a.b10934170$b23-02-17$c28-06-02 912 $a991001931039707536 945 $aLE005 MF 26 C 18$g1$i2005000196096$lle005$o-$pE0.00$q-$rl$s- $t0$u2$v2$w2$x0$y.i11040038$z28-06-02 945 $aLE005 MF 26 C 18 bis$g1$i2005000196102$lle005$o-$pE0.00$q-$rl$s- $t0$u8$v4$w8$x0$y.i1104004x$z28-06-02 945 $aLE005 MF 26 C 18 ter$g2$i2005000196119$lle005$o-$pE0.00$q-$rl$s- $t0$u0$v0$w0$x0$y.i11040051$z28-06-02 945 $aLE005 MF 26 C 18 quater$g1$i2005000196126$lle005$o-$pE0.00$q-$rl$s- $t0$u0$v0$w0$x0$y.i11040063$z28-06-02 945 $aLE005 MF 26 C 18 quinq.$g3$i2005000196133$lle005$o-$pE0.00$q-$rl$s- $t0$u0$v0$w0$x0$y.i11040075$z28-06-02 945 $aLE009 STOR. 08.1-335a$cV. 2$g1$i2009000260962$lle009$o-$pE18.00$q-$rl$s- $t0$u1$v2$w1$x0$y.i13532704$z26-05-04 996 $aAmbienti, filosofi e problemi$9919703 997 $aUNISALENTO 998 $a(5)le005$ale009$b01-01-94$cm$da $e-$fita$git $h0$i5